¿Cuánto sabes de Better Call Saul? - Estadísticas

Estadísticas generales
  • Esta prueba ha sido intentada 81 veces
  • La puntuación promedio es 8 de 15
Estadísticas de respuestas
Pista Respuesta % Correcto
Nombre completo del personaje principal James Morgan McGill
90%
Apodo de Ignacio Varga Nacho
83%
Asesino de Howard Hamlin Lalo Salamanca
77%
Personaje interpretado por Rhea Seehorn Kim Wexler
74%
Hermano del personaje principal Chuck McGill
68%
¿A qué es sensible este mismo? Electricidad
67%
¿En qué año se casan Jimmy y Kim? 2004
62%
Actor que interpreta a Mike Ehrmantraut Jonathan Banks
51%
Nombre del arquitecto del laboratorio Werner Ziegler
49%
Nombre del episodio final (inglés) Saul gone
45%
Lugar donde trabajaba Gene Takovic Cinnabon
41%
Tiempo de condena del mismo 86 años
36%
Nombre del guardaespaldas de Jimmy Huell Babineaux
35%
Nombres ficticios de Kim y Jimmy Viktor y Giselle
20%
Patente de su auto LWYRUP
17%
No se encontraron pruebas coincidentes
Distribución de puntuación
Porcentaje de gente con cada puntuación
Porcentaje por número respondido
Historial de tus puntuaciones
No has intentado esta prueba.